|
|
|
|
| LEADER |
00000nam0a2200000 4500 |
| 001 |
31768 |
| 005 |
20231030204609.0 |
| 010 |
|
|
|a 5060023443
|
| 035 |
|
|
|a (RuTPU)RU\TPU\book\32061
|
| 035 |
|
|
|a BOOK00000016
|
| 090 |
|
|
|a 31768
|
| 100 |
|
|
|a 20011210d1993 m y0rusy50 ca
|
| 101 |
0 |
|
|a rus
|
| 102 |
|
|
|a RU
|
| 105 |
|
|
|a a j 000zy
|
| 200 |
0 |
|
|a Кн. 2: Программирование на языке Ассемблер
|
| 210 |
|
|
|d 1993
|
| 215 |
|
|
|a 191 с.
|c ил.
|
| 333 |
|
|
|a Исключено из фонда НТБ ТПУ
|
| 461 |
|
|
|t Инструментальные средства персональных ЭВМ
|o учебное пособие для вузов в 10 книгах
|f Под ред. Б. Г. Трусова
|v Кн. 2: Программирование на языке Ассемблер
|d 1993-
|
| 801 |
|
0 |
|a RU
|b 63413507
|c 20011210
|g PSBO
|
| 801 |
|
2 |
|a RU
|b 63413507
|c 20211207
|g PSBO
|
| 942 |
|
|
|c BK
|